000 00274nam a22001217a 4500
008 170714b xxu||||| |||| 00| 0 eng d
041 _aeng
080 _a61
100 _a4
101 _aSHM
245 _aTABER'S CYCLOPEDIC MEDICAL DICTIONARY
_cTHOMAS, C
942 _2udc
_cBK
999 _c20890
_d20890